000 00732nam a2200205 a 4500
001 000027170
003 OSt
005 20240305073654.0
008 110330s1983 dr 000 0 spa d
040 _aDO-SdBNP
_bspa
_cBNPHU
082 _axxx
_bR696
100 1 _aRodríguez Demorizi, Emilio,
_d1908-1986
_91039
245 1 0 _aPapeles de Monseñor de Meriño /
_cEmilio Rodríguez Demorizi.
260 _aSanto Domingo :
_bTaller,
_c1983.
300 _a266 p. ;
_c23 cm.
500 _aA la cabeza de la portada Feria Nacional del Libro 1983, homenaje a Mons. Fernando Arturo De Meriño en el 150 aniversario de su nacimiento 1833-1983
500 _aIncluye índice.
500 _aIncluye notas a pie de páginas
942 _2ddc
_cLF1
999 _c26662
_d26662